[Event "2. Open Patrimonio de la Humanidad"]
[Site "Alcalá de Henares ESP"]
[Date "2007.10.14"]
[Round "9.22"]
[White "Toranzo Fernandez, Dionisio"]
[Black "Sanchez Gonzalez, Sergio"]
[Result "0-1"]
[WhiteElo "2009"]
[BlackElo "2177"]
[PlyCount "68"]
[EventDate "2007.10.07"]
[EventType "swiss"]
[EventRounds "9"]
[EventCountry "ESP"]
[Source "lmi"]
[SourceDate "2007.10.07"]

1. Nf3 Nf6 2. c4 e6 3. g3 d5 4. d4 c6 5. Qc2 Be7 6. Bg2 O-O 7. O-O Nbd7 8. Nbd2
c5 9. Rd1 b6 10. e4 Bb7 11. cxd5 exd5 12. dxc5 Bxc5 13. exd5 Bxd5 14. Nb3 Rc8
15. Nxc5 Rxc5 16. Qa4 Qa8 17. Rxd5 Qxd5 18. b4 b5 19. Qb3 Qxb3 20. axb3 Rc3 21.
Nd4 Rfc8 22. Bf4 Rd3 23. Nc6 Re8 24. Nxa7 Nd5 25. Bxd5 Rxd5 26. Ra5 Re4 27.
Nxb5 g5 28. Be3 Rxb4 29. Ra8+ Kg7 30. Nc7 Rd1+ 31. Kg2 h6 32. Na6 Rxb3 33. Nc5
Rxe3 34. Nxd7 Re2 0-1

[Event "2. Open Patrimonio de la Humanidad"]
[Site "Alcalá de Henares ESP"]
[Date "2007.10.14"]
[Round "9.23"]
[White "Laurentiu, Burlacu"]
[Black "Barez Menendez, Hector"]
[Result "1-0"]
[WhiteElo "2009"]
[BlackElo "2169"]
[PlyCount "115"]
[EventDate "2007.10.07"]
[EventType "swiss"]
[EventRounds "9"]
[EventCountry "ESP"]
[Source "lmi"]
[SourceDate "2007.10.07"]

1. e4 e5 2. Nf3 Nc6 3. Bb5 g6 4. c3 a6 5. Ba4 d6 6. d4 Bd7 7. O-O Bg7 8. Bg5 f6
9. Be3 Nh6 10. h3 Nf7 11. Nbd2 O-O 12. Bb3 Qe7 13. Qe2 Kh8 14. Rae1 Rae8 15.
Qd1 f5 16. dxe5 dxe5 17. exf5 gxf5 18. Nh2 Na5 19. Bc2 Bb5 20. Ba4 Bxf1 21.
Bxe8 Bxg2 22. Bxf7 Rxf7 23. Kxg2 f4 24. b4 fxe3 25. Rxe3 Nc6 26. Ne4 Qe6 27. a4
Bh6 28. Rg3 Bf4 29. Ng5 Bxg5 30. Rxg5 Qf6 31. Qd2 Rg7 32. Rg3 Rxg3+ 33. fxg3 e4
34. Qf2 Kg7 35. Ng4 Qxc3 36. Ne3 Qf6 37. Nf5+ Kg6 38. Nh4+ Kf7 39. Qa2+ Qe6 40.
Qf2+ Qf6 41. Qa2+ Ke7 42. b5 axb5 43. axb5 Nd4 44. Qd5 e3 45. Qxd4 Qf2+ 46. Kh1
Qe1+ 47. Kh2 Qd2+ 48. Qxd2 exd2 49. Nf5+ Kf6 50. Ne3 c5 51. bxc6 bxc6 52. Kg2
c5 53. Kf2 c4 54. Nd1 Ke5 55. Ke3 h5 56. Kxd2 Kf5 57. Ne3+ Ke4 58. g4 1-0

[Event "2. Open Patrimonio de la Humanidad"]
[Site "Alcalá de Henares ESP"]
[Date "2007.10.14"]
[Round "9.24"]
[White "Lopez-andujar Ocaña, Antonio"]
[Black "Sanchez Rodriguez, Jaime"]
[Result "1-0"]
[WhiteElo "2162"]
[BlackElo "1933"]
[PlyCount "109"]
[EventDate "2007.10.07"]
[EventType "swiss"]
[EventRounds "9"]
[EventCountry "ESP"]
[Source "lmi"]
[SourceDate "2007.10.07"]

1. e4 d5 2. exd5 Nf6 3. d4 Bg4 4. Nf3 Qxd5 5. Be2 Nc6 6. O-O O-O-O 7. c4 Qf5 8.
Be3 e6 9. Nc3 Be7 10. Qa4 Qa5 11. Qxa5 Nxa5 12. Ne5 Bxe2 13. Nxe2 Rhe8 14. Bd2
Nc6 15. Nxc6 bxc6 16. Be3 Ng4 17. c5 Kd7 18. Bf4 Rb8 19. b3 g5 20. Bg3 f5 21.
h3 f4 22. hxg4 fxg3 23. f3 Rb4 24. Rfd1 Bf6 25. Rd3 Rd8 26. Rad1 Ke7 27. a3 Rb5
28. Nxg3 Rdb8 29. Rb1 Rd8 30. Rbd1 Rdb8 31. b4 a5 32. bxa5 Rxa5 33. Ne4 Rab5
34. Nxf6 Kxf6 35. Kf2 Rb3 36. Ke3 Rb2 37. R1d2 Rxd2 38. Rxd2 Rb3+ 39. Rd3 Rb2
40. g3 h6 41. Rc3 Rb1 42. Kd3 Rd1+ 43. Kc4 Rb1 44. Rd3 Rb2 45. Kc3 Rb1 46. Kc2
Rg1 47. Rb3 Rg2+ 48. Kb1 Rxg3 49. Ka2 e5 50. dxe5+ Kxe5 51. Rd3 h5 52. gxh5 g4
53. f4+ Kxf4 54. Rxg3 Kxg3 55. h6 1-0

[Event "2. Open Patrimonio de la Humanidad"]
[Site "Alcalá de Henares ESP"]
[Date "2007.10.14"]
[Round "9.25"]
[White "Tejedor Ariza, Francisco"]
[Black "Ivanovitch Balsinde, Nicolas M"]
[Result "0-1"]
[WhiteElo "1987"]
[BlackElo "2151"]
[PlyCount "93"]
[EventDate "2007.10.07"]
[EventType "swiss"]
[EventRounds "9"]
[EventCountry "ESP"]
[Source "lmi"]
[SourceDate "2007.10.07"]

1. e4 e5 2. Nf3 Nc6 3. Bc4 Nf6 4. Ng5 d5 5. exd5 Na5 6. Bb5+ c6 7. dxc6 bxc6 8.
Be2 h6 9. Nh3 g5 10. c3 Bg7 11. b4 Nb7 12. f3 O-O 13. Nf2 Nd6 14. Qc2 Nd5 15.
Bb2 Nf4 16. Bf1 Bf5 17. Ne4 g4 18. d3 gxf3 19. gxf3 Bg6 20. Na3 Nf5 21. Nc4 Nh4
22. O-O-O Nxf3 23. Be2 Nh4 24. Rhg1 Kh7 25. Kb1 Nd5 26. Ka1 Qe7 27. Qc1 f5 28.
Nc5 f4 29. Bg4 Nf5 30. Bxf5 Rxf5 31. Rg2 f3 32. Rf2 Bf6 33. Rdf1 Bh5 34. Qd1
Rf8 35. Ne4 Bh4 36. Ng3 Bxg3 37. hxg3 Qg5 38. Rg1 Ne3 39. Qd2 Nxc4 40. Qxg5
hxg5 41. dxc4 e4 42. Bc1 Rd8 43. Be3 Rd3 44. Re1 g4 45. Bxa7 Re5 46. Re3 Rd1+
47. Kb2 0-1

[Event "2. Open Patrimonio de la Humanidad"]
[Site "Alcalá de Henares ESP"]
[Date "2007.10.14"]
[Round "9.26"]
[White "Pascual Palomo, Lucia"]
[Black "Valencia De Loma, Sergio"]
[Result "1-0"]
[WhiteElo "2104"]
[BlackElo "1713"]
[PlyCount "67"]
[EventDate "2007.10.07"]
[EventType "swiss"]
[EventRounds "9"]
[EventCountry "ESP"]
[Source "lmi"]
[SourceDate "2007.10.07"]

1. e4 c5 2. Nf3 a6 3. d4 cxd4 4. Nxd4 e5 5. Nb3 Nf6 6. Nc3 d6 7. Be2 Be7 8. O-O
Be6 9. Be3 Nbd7 10. f4 exf4 11. Bxf4 Qc7 12. Kh1 O-O 13. Qd3 Ne5 14. Qg3 Ng6
15. Bg5 Rac8 16. Nd4 Bc4 17. Bxc4 Qxc4 18. Nf5 Qe6 19. Nxe7+ Qxe7 20. Bxf6 gxf6
21. Nd5 Qe6 22. Nxf6+ Kg7 23. c3 Rcd8 24. h4 Kh8 25. Qg5 Rg8 26. Nxg8 Rxg8 27.
h5 Ne5 28. Qf6+ Qxf6 29. Rxf6 Rg4 30. Rxd6 Rxe4 31. h6 Nc6 32. Rad1 Re8 33. Rd7
b5 34. R1d6 1-0

[Event "2. Open Patrimonio de la Humanidad"]
[Site "Alcalá de Henares ESP"]
[Date "2007.10.14"]
[Round "9.27"]
[White "Maseda Iglesias, Luis"]
[Black "Vilarnovo Caamaño, Jose"]
[Result "0-1"]
[WhiteElo "1976"]
[BlackElo "2101"]
[PlyCount "54"]
[EventDate "2007.10.07"]
[EventType "swiss"]
[EventRounds "9"]
[EventCountry "ESP"]
[Source "lmi"]
[SourceDate "2007.10.07"]

1. d4 e6 2. Nf3 f5 3. g3 Nf6 4. Bg2 Be7 5. O-O O-O 6. c4 d6 7. Nc3 Qe8 8. b3
Nc6 9. Ba3 a5 10. Re1 Ne4 11. Bb2 Bf6 12. e3 Bd7 13. Rc1 Nb4 14. a3 Na6 15.
Nxe4 fxe4 16. Nd2 d5 17. f3 exf3 18. Nxf3 Bc6 19. Qc2 Qh5 20. Qe2 Rf7 21. Nd2
Qh6 22. Bc3 Raf8 23. c5 Bg5 24. Nf3 Bb5 25. Qd2 Rxf3 26. Bxf3 Rxf3 27. Kg2 Bxe3
0-1

[Event "2. Open Patrimonio de la Humanidad"]
[Site "Alcalá de Henares ESP"]
[Date "2007.10.14"]
[Round "9.28"]
[White "Garcia Serrano, Jose Manuel"]
[Black "Vazquez Gonzalez, Jesus"]
[Result "0-1"]
[WhiteElo "1867"]
[BlackElo "2049"]
[PlyCount "64"]
[EventDate "2007.10.07"]
[EventType "swiss"]
[EventRounds "9"]
[EventCountry "ESP"]
[Source "lmi"]
[SourceDate "2007.10.07"]

1. e4 Nc6 2. d4 e5 3. d5 Nce7 4. f4 exf4 5. Nf3 Ng6 6. Bd3 Bc5 7. e5 N8e7 8.
Nc3 d6 9. Na4 Bb6 10. Nxb6 axb6 11. Bxg6 Nxg6 12. Qd4 dxe5 13. Nxe5 Qe7 14. Kf2
Nxe5 15. Re1 f6 16. b4 O-O 17. Bxf4 Bd7 18. Kg1 Rad8 19. Re3 Qf7 20. Rg3 Bf5
21. c4 c5 22. bxc5 bxc5 23. Qc3 b5 24. Bh6 Bg6 25. Be3 Rc8 26. cxb5 Qxd5 27. a4
c4 28. Bd4 Rfd8 29. Rd1 Nd3 30. Bb6 Rd6 31. Be3 Ra8 32. Qa3 Be8 0-1

[Event "2. Open Patrimonio de la Humanidad"]
[Site "Alcalá de Henares ESP"]
[Date "2007.10.14"]
[Round "9.30"]
[White "Adan Bermudez, Sergio"]
[Black "Garcia Roman, Jose Luis Machado"]
[Result "0-1"]
[WhiteElo "2054"]
[BlackElo "1991"]
[PlyCount "136"]
[EventDate "2007.10.07"]
[EventType "swiss"]
[EventRounds "9"]
[EventCountry "ESP"]
[Source "lmi"]
[SourceDate "2007.10.07"]

1. c4 g6 2. g3 Bg7 3. Bg2 Nc6 4. Nc3 d6 5. d3 Nf6 6. e3 Bg4 7. Nge2 Qc8 8. h3
Bd7 9. Rb1 a5 10. a3 e5 11. b4 axb4 12. axb4 O-O 13. b5 Ne7 14. h4 c6 15. Qb3
Be6 16. Ba3 Rd8 17. O-O Bf8 18. bxc6 bxc6 19. d4 Qa6 20. d5 Qxa3 21. dxe6 fxe6
22. Bh3 Kf7 23. Qc2 Rdb8 24. Ne4 h6 25. Ra1 Qb4 26. Rxa8 Rxa8 27. Rb1 Qa3 28.
Nxf6 Kxf6 29. Qe4 d5 30. Qf3+ Nf5 31. cxd5 cxd5 32. Bxf5 gxf5 33. Qh5 Qa7 34.
Nc3 Qf7 35. Qe2 Rc8 36. Qb2 Rc4 37. Ne2 Rb4 38. Qa2 Qb7 39. Rxb4 Bxb4 40. Qa4
Kf7 41. Qc2 Be7 42. Nc1 Bf6 43. Nd3 d4 44. exd4 exd4 45. Qc4 Qd7 46. Kg2 Bg7
47. f3 Kf6 48. Nf4 e5 49. Qa6+ Kf7 50. Qg6+ Kg8 51. Nh5 Qf7 52. Qxf7+ Kxf7 53.
Kf2 Bf8 54. g4 f4 55. Ke2 Be7 56. Kd3 Bxh4 57. Ke4 Bg5 58. Kd3 Bf6 59. Kc4 Kg6
60. Kd3 Bh8 61. Ke4 Kg5 62. Kd3 Kh4 63. Ke4 Kh3 64. Nxf4+ exf4 65. Kxf4 Kh4 66.
Ke4 Kg5 67. Kd3 Kf4 68. Ke2 Bf6 0-1

[Event "2. Open Patrimonio de la Humanidad"]
[Site "Alcalá de Henares ESP"]
[Date "2007.10.14"]
[Round "9.31"]
[White "Collado Barbas, Laura"]
[Black "Spitzer Isbert, Ramon"]
[Result "0-1"]
[WhiteElo "1940"]
[BlackElo "2106"]
[PlyCount "106"]
[EventDate "2007.10.07"]
[EventType "swiss"]
[EventRounds "9"]
[EventCountry "ESP"]
[Source "lmi"]
[SourceDate "2007.10.07"]

1. d4 Nf6 2. c4 d6 3. Nc3 Nbd7 4. Nf3 e5 5. e4 Be7 6. Be2 O-O 7. O-O Re8 8. Re1
h6 9. a3 Bf8 10. d5 Nc5 11. Qc2 a5 12. Rb1 a4 13. Be3 Bd7 14. Bxc5 dxc5 15.
Nxe5 Rxe5 16. f4 Re8 17. e5 Ng4 18. e6 Ne3 19. exf7+ Kxf7 20. Bh5+ Kg8 21. Qc1
Nf5 22. Bxe8 Bxe8 23. Qd1 Nd4 24. Qd2 Bg6 25. Rbd1 Bc2 26. Rc1 Bf5 27. Qf2 Ra6
28. Re3 Qd7 29. Ne4 Qf7 30. Ng3 Bd7 31. Ne4 Rb6 32. Rce1 Nf5 33. Rd3 Rg6 34.
Nxc5 b5 35. Nxd7 Qxd7 36. c5 Be7 37. Re2 Kh7 38. Kh1 Bh4 39. Qf1 Bf6 40. Qf2 b4
41. c6 Qd6 42. Re6 Qf8 43. Qd2 bxa3 44. bxa3 Qc5 45. Re1 Rg4 46. Rc1 Qd6 47.
Rf1 g6 48. g3 h5 49. Qd1 Qc5 50. Rff3 h4 51. gxh4 Nd4 52. Rxd4 Bxd4 53. Rg3
Qxd5+ 0-1

[Event "2. Open Patrimonio de la Humanidad"]
[Site "Alcalá de Henares ESP"]
[Date "2007.10.14"]
[Round "9.32"]
[White "Crespo Villalba, Israel"]
[Black "Mansilla Tolosa, Luis E"]
[Result "1/2-1/2"]
[WhiteElo "1952"]
[BlackElo "2068"]
[PlyCount "102"]
[EventDate "2007.10.07"]
[EventType "swiss"]
[EventRounds "9"]
[EventCountry "ESP"]
[Source "lmi"]
[SourceDate "2007.10.07"]

1. e4 c5 2. Nf3 d6 3. d3 g6 4. g3 Bg7 5. Bg2 e5 6. O-O Ne7 7. Nc3 O-O 8. Nh4
Nbc6 9. Ne2 d5 10. c3 Be6 11. f4 dxe4 12. dxe4 Bc4 13. Qc2 Qd3 14. Qxd3 Bxd3
15. Re1 Rad8 16. Be3 b6 17. Rad1 Na5 18. fxe5 Nc4 19. Bg5 Rfe8 20. Nf4 Nxe5 21.
Nd5 Rxd5 22. exd5 f6 23. Rxe5 fxg5 24. Rxg5 Bf6 25. Rxd3 Bxg5 26. Nf3 Bf6 27.
d6 Nc6 28. d7 Rd8 29. Rd6 Be7 30. Rxc6 Rxd7 31. Kf2 Rd1 32. Rc8+ Kg7 33. Rc7
Kf6 34. Rxa7 Rb1 35. b3 Rb2+ 36. Kg1 b5 37. Bf1 c4 38. Ra6+ Kg7 39. bxc4 bxc4
40. Bxc4 Bc5+ 41. Nd4 Rc2 42. Kh1 Bxd4 43. cxd4 Rxc4 44. d5 Rd4 45. d6 Kf6 46.
a4 Ke5 47. a5 Ke4 48. Rb6 Kf3 49. Rb3+ Kf2 50. Rb2+ Kf3 51. Rb3+ Kf2 1/2-1/2

[Event "2. Open Patrimonio de la Humanidad"]
[Site "Alcalá de Henares ESP"]
[Date "2007.10.14"]
[Round "9.33"]
[White "Martinez Escribano, Jose Angel"]
[Black "Ortega Morales, Pedro"]
[Result "1/2-1/2"]
[WhiteElo "2027"]
[BlackElo "1944"]
[PlyCount "58"]
[EventDate "2007.10.07"]
[EventType "swiss"]
[EventRounds "9"]
[EventCountry "ESP"]
[Source "lmi"]
[SourceDate "2007.10.07"]

1. e4 e5 2. Nf3 Nc6 3. Bb5 Nf6 4. O-O Nxe4 5. d4 Nd6 6. Bxc6 dxc6 7. dxe5 Nf5
8. Qxd8+ Kxd8 9. Nc3 h6 10. Bf4 Be6 11. Rad1+ Kc8 12. b3 b6 13. h3 Be7 14. Rfe1
Kb7 15. g4 Nh4 16. Nd4 c5 17. Nxe6 Nf3+ 18. Kf1 Nxe1 19. Nxg7 Nxc2 20. Rd7 Bg5
21. Bxg5 hxg5 22. Rxf7 Rhf8 23. Rd7 Kc6 24. e6 Nd4 25. Rd5 Rg8 26. Rxg5 Nf3 27.
Rg6 Ne5 28. Rg5 Nf3 29. Rg6 Ne5 1/2-1/2

[Event "2. Open Patrimonio de la Humanidad"]
[Site "Alcalá de Henares ESP"]
[Date "2007.10.14"]
[Round "9.34"]
[White "Sanchez-Alarcos Galian, Victor"]
[Black "Sanz Esteban, Eduardo"]
[Result "1/2-1/2"]
[WhiteElo "2020"]
[BlackElo "1939"]
[PlyCount "128"]
[EventDate "2007.10.07"]
[EventType "swiss"]
[EventRounds "9"]
[EventCountry "ESP"]
[Source "lmi"]
[SourceDate "2007.10.07"]

1. d4 d5 2. c4 e6 3. Nf3 c5 4. cxd5 exd5 5. g3 Nf6 6. Nc3 Nc6 7. Bg2 Be7 8. O-O
O-O 9. Bg5 cxd4 10. Nxd4 h6 11. Bf4 Qb6 12. Be3 Qxb2 13. Nxd5 Nxd5 14. Bxd5 Rd8
15. Rb1 Qc3 16. Nxc6 bxc6 17. Qb3 Qxb3 18. Bxb3 Ba6 19. Rfc1 Rac8 20. Bc4 Bxc4
21. Rxc4 c5 22. Rb7 Bf6 23. Rxa7 Bd4 24. Bxd4 cxd4 25. Rxc8 Rxc8 26. Kg2 Rd8
27. Ra3 f5 28. Rd3 Ra8 29. a3 Kf7 30. h4 Kf6 31. Rxd4 Rxa3 32. Rd6+ Ke7 33. Rb6
Kf7 34. f3 Ra4 35. h5 f4 36. gxf4 Ra5 37. Kg3 Rxh5 38. Kg4 Ra5 39. f5 Re5 40.
e4 Ra5 41. f4 Ra4 42. e5 h5+ 43. Kg5 Ra1 44. Rb7+ Kg8 45. Kxh5 Rh1+ 46. Kg4
Rg1+ 47. Kf3 Rf1+ 48. Ke4 Re1+ 49. Kd5 Rd1+ 50. Ke6 Rf1 51. Rb8+ Kh7 52. Rb4
Ra1 53. f6 Ra6+ 54. Kf5 gxf6 55. e6 Kg7 56. Rb7+ Kf8 57. Kxf6 Ra8 58. Rh7 Kg8
59. Rg7+ Kh8 60. e7 Ra6+ 61. Kf7 Rf6+ 62. Ke8 Kxg7 63. Kd7 Rf7 64. Kd8 Rf8+
1/2-1/2

[Event "2. Open Patrimonio de la Humanidad"]
[Site "Alcalá de Henares ESP"]
[Date "2007.10.14"]
[Round "9.35"]
[White "Perez Cameselle, Francisco"]
[Black "Moreno Molina, Fernando"]
[Result "0-1"]
[WhiteElo "1997"]
[BlackElo "1930"]
[PlyCount "58"]
[EventDate "2007.10.07"]
[EventType "swiss"]
[EventRounds "9"]
[EventCountry "ESP"]
[Source "lmi"]
[SourceDate "2007.10.07"]

1. Nf3 Nf6 2. g3 d5 3. Bg2 c6 4. O-O Nbd7 5. d3 e5 6. Nbd2 Bd6 7. e4 O-O 8. Re1
Re8 9. exd5 cxd5 10. c4 Bb4 11. a3 Bxd2 12. Nxd2 Nc5 13. Nb3 Qb6 14. Nxc5 Qxc5
15. Be3 d4 16. b4 Qd6 17. Bg5 Rb8 18. f4 Nd7 19. fxe5 Nxe5 20. Bf4 f6 21. Qh5
g6 22. Qh6 Bf5 23. Be4 Bxe4 24. Rxe4 g5 25. Bxe5 Rxe5 26. Rf1 Rxe4 27. Rxf6
Re1+ 28. Kf2 Qe7 29. Qxg5+ Kh8 0-1

[Event "2. Open Patrimonio de la Humanidad"]
[Site "Alcalá de Henares ESP"]
[Date "2007.10.14"]
[Round "9.36"]
[White "Piñeiro Lozano, Luis"]
[Black "Avendaño Mateos, Jose"]
[Result "1-0"]
[WhiteElo "1924"]
[BlackElo "1982"]
[PlyCount "43"]
[EventDate "2007.10.07"]
[EventType "swiss"]
[EventRounds "9"]
[EventCountry "ESP"]
[Source "lmi"]
[SourceDate "2007.10.07"]

1. e4 c6 2. d4 d5 3. Nc3 dxe4 4. Nxe4 Nf6 5. Bd3 e6 6. Nf3 Nbd7 7. O-O Nxe4 8.
Bxe4 Nf6 9. Bd3 Be7 10. Re1 b6 11. Qe2 O-O 12. c4 Qc7 13. Bg5 Bb7 14. Rad1 Rad8
15. Bb1 Rfe8 16. Rd3 c5 17. d5 h6 18. dxe6 Bxf3 19. Rxf3 hxg5 20. exf7+ Kxf7
21. Qe6+ Kf8 22. Rh3 1-0

[Event "2. Open Patrimonio de la Humanidad"]
[Site "Alcalá de Henares ESP"]
[Date "2007.10.14"]
[Round "9.37"]
[White "Collado Barbas, Alberto"]
[Black "Arauz Alonso, Fernando"]
[Result "1/2-1/2"]
[WhiteElo "1886"]
[BlackElo "1965"]
[PlyCount "109"]
[EventDate "2007.10.07"]
[EventType "swiss"]
[EventRounds "9"]
[EventCountry "ESP"]
[Source "lmi"]
[SourceDate "2007.10.07"]

1. d4 c6 2. c4 d5 3. Nf3 Nf6 4. e3 e6 5. Nbd2 Nbd7 6. b3 Ne4 7. Nxe4 dxe4 8.
Nd2 f5 9. f3 exf3 10. Qxf3 Be7 11. Bb2 O-O 12. Be2 Bb4 13. a3 Bxd2+ 14. Kxd2
Rb8 15. Qg3 Rf7 16. h4 b5 17. Kc2 Ba6 18. c5 Nf6 19. Bf3 Qc7 20. Qxc7 Rxc7 21.
b4 Rf8 22. g3 Ne4 23. Rhg1 Rcf7 24. Kd3 Nf2+ 25. Ke2 Ne4 26. Raf1 Bb7 27. Ba1
h6 28. Bb2 Kh7 29. Bxe4 fxe4 30. Rf4 g5 31. hxg5 hxg5 32. Rh1+ Kg6 33. Rxf7
Rxf7 34. g4 Rf8 35. Bc3 Bc8 36. Rf1 Rh8 37. Rf2 e5 38. d5 Bxg4+ 39. Kd2 cxd5
40. Bxe5 Re8 41. Rf6+ Kh5 42. Bg3 Bc8 43. Ke2 Kg4 44. Bd6 Rh8 45. Rf2 Rh6 46.
Rg2+ Kf5 47. Rf2+ Ke6 48. Rg2 Rh5 49. Rh2 Rxh2+ 50. Bxh2 Kd7 51. Kf2 Kc6 52.
Be5 a5 53. Kg3 a4 54. Bg7 Be6 55. Bd4 1/2-1/2

[Event "2. Open Patrimonio de la Humanidad"]
[Site "Alcalá de Henares ESP"]
[Date "2007.10.14"]
[Round "9.38"]
[White "Bouthier, Jacques"]
[Black "Bote Kobolo, Benjamin"]
[Result "1-0"]
[WhiteElo "1959"]
[BlackElo "1894"]
[PlyCount "45"]
[EventDate "2007.10.07"]
[EventType "swiss"]
[EventRounds "9"]
[EventCountry "ESP"]
[Source "lmi"]
[SourceDate "2007.10.07"]

1. e4 Nc6 2. Nf3 e5 3. Bb5 a6 4. Ba4 Nf6 5. O-O b5 6. Bb3 Be7 7. Re1 d6 8. c3
O-O 9. h3 Nb8 10. d3 Bb7 11. Nbd2 g6 12. Nf1 Nbd7 13. Bg5 Nh5 14. Bxe7 Qxe7 15.
g3 Nc5 16. Ne3 c6 17. Qc2 Rfc8 18. Kg2 Ne6 19. Ng4 Nef4+ 20. gxf4 Nxf4+ 21. Kh2
h5 22. Nh6+ Kh7 23. Nxf7 1-0

[Event "2. Open Patrimonio de la Humanidad"]
[Site "Alcalá de Henares ESP"]
[Date "2007.10.14"]
[Round "9.39"]
[White "Cuadrado Lopez, Francisco Javier"]
[Black "Rasskin Friederichs, Ivan"]
[Result "0-1"]
[WhiteElo "1952"]
[BlackElo "1781"]
[PlyCount "106"]
[EventDate "2007.10.07"]
[EventType "swiss"]
[EventRounds "9"]
[EventCountry "ESP"]
[Source "lmi"]
[SourceDate "2007.10.07"]

1. e4 e6 2. d4 d5 3. Nc3 Nf6 4. e5 Nfd7 5. f4 c5 6. Nf3 Nc6 7. Be3 cxd4 8. Nxd4
Bc5 9. Qd2 a6 10. O-O-O Nxd4 11. Bxd4 Qa5 12. Kb1 b5 13. Ne2 Qb6 14. g4 h5 15.
g5 g6 16. h4 b4 17. Rh3 a5 18. Bxc5 Nxc5 19. Qd4 Ba6 20. Nc1 Bxf1 21. Rxf1 Nd7
22. Qxb6 Nxb6 23. Ne2 Ke7 24. c3 Nc4 25. Rd1 bxc3 26. Rxc3 Rab8 27. b3 Rhc8 28.
Rdc1 a4 29. Kc2 axb3+ 30. axb3 Na5 31. Nd4 Rxc3+ 32. Kxc3 Rc8+ 33. Kb2 Rxc1 34.
Kxc1 Kd7 35. Kc2 Nc6 36. Nb5 Ne7 37. Nd4 Nf5 38. Nxf5 gxf5 39. Kc3 Kc6 40. Kb4
Kb6 41. Ka4 Kc5 42. Ka5 d4 43. b4+ Kd5 44. b5 d3 45. b6 d2 46. b7 d1=Q 47. b8=Q
Qa1+ 48. Kb6 Qb2+ 49. Kc7 Qxb8+ 50. Kxb8 Ke4 51. Kc7 Kxf4 52. Kd7 Kxe5 53. Ke7
f4 0-1

[Event "2. Open Patrimonio de la Humanidad"]
[Site "Alcalá de Henares ESP"]
[Date "2007.10.14"]
[Round "9.40"]
[White "Wehmeier, Manuel"]
[Black "Suarez Prieto, Leopoldo"]
[Result "1-0"]
[WhiteElo "2013"]
[BlackElo "1872"]
[PlyCount "49"]
[EventDate "2007.10.07"]
[EventType "swiss"]
[EventRounds "9"]
[EventCountry "ESP"]
[Source "lmi"]
[SourceDate "2007.10.07"]

1. d4 Nf6 2. c4 e6 3. Nc3 Bb4 4. f3 O-O 5. e4 Re8 6. e5 Nh5 7. Nge2 f5 8. Be3
g5 9. g4 f4 10. Bf2 Ng7 11. h4 Rf8 12. Qc2 b6 13. hxg5 Qxg5 14. Qxh7+ Kf7 15.
Rh6 Qd8 16. Rf6+ Qxf6 17. exf6 Kxf6 18. Bh4+ Kf7 19. Qe4 Nc6 20. d5 exd5 21.
cxd5 Na5 22. Qxb4 Bb7 23. O-O-O Kg8 24. Ne4 c5 25. Qc3 1-0

[Event "2. Open Patrimonio de la Humanidad"]
[Site "Alcalá de Henares ESP"]
[Date "2007.10.14"]
[Round "9.42"]
[White "Rodriguez Diaz, Alberto Jose"]
[Black "Morona Minguez, Irene"]
[Result "1/2-1/2"]
[WhiteElo "1938"]
[BlackElo "1806"]
[PlyCount "80"]
[EventDate "2007.10.07"]
[EventType "swiss"]
[EventRounds "9"]
[EventCountry "ESP"]
[Source "lmi"]
[SourceDate "2007.10.07"]

1. e4 c5 2. c4 e5 3. Nc3 Nc6 4. g3 d6 5. Bg2 g6 6. a3 Bg7 7. d3 Nge7 8. Rb1 a6
9. b4 cxb4 10. axb4 Rb8 11. b5 axb5 12. Nxb5 Nd4 13. Nxd4 exd4 14. Ne2 O-O 15.
O-O h6 16. Qc2 Bd7 17. Bf4 Qc7 18. Rfc1 g5 19. Bd2 b5 20. cxb5 Qxc2 21. Rxc2
Rxb5 22. Rcb2 Rfb8 23. Rxb5 Rxb5 24. Rb4 Rxb4 25. Bxb4 Bb5 26. Bxd6 Bxd3 27.
Nxd4 Bxd4 28. Bxe7 Kg7 29. Bf3 Kg6 30. h4 gxh4 31. Bxh4 f5 32. exf5+ Bxf5 33.
Bd5 Bf6 34. Bxf6 Kxf6 35. Kg2 h5 36. Kf3 Kg5 37. Bf7 h4 38. gxh4+ Kxh4 39. Kf4
Bg4 40. Bd5 Kh5 1/2-1/2

[Event "2. Open Patrimonio de la Humanidad"]
[Site "Alcalá de Henares ESP"]
[Date "2007.10.14"]
[Round "9.43"]
[White "Alvarez Escudero, Manuel"]
[Black "Sierra Bermejo, Gregorio"]
[Result "1-0"]
[WhiteElo "1936"]
[BlackElo "1802"]
[PlyCount "69"]
[EventDate "2007.10.07"]
[EventType "swiss"]
[EventRounds "9"]
[EventCountry "ESP"]
[Source "lmi"]
[SourceDate "2007.10.07"]

1. e4 e5 2. Nf3 Nf6 3. Nxe5 d6 4. Nc4 Nxe4 5. Be2 d5 6. Ne3 Qh4 7. O-O c6 8. d3
Nf6 9. Nd2 Qf4 10. Nf3 Qc7 11. Re1 Bd6 12. g3 h6 13. Bf1 Be6 14. Nf5 O-O 15.
Nxd6 Qxd6 16. Bf4 Qb4 17. Be5 Nbd7 18. Bc3 Qd6 19. Ne5 d4 20. Nxd7 Bxd7 21. Bd2
Be6 22. a3 Rfe8 23. Bf4 Qd7 24. Qd2 Bf5 25. Rxe8+ Rxe8 26. Re1 Rxe1 27. Qxe1
Nd5 28. Bd2 Nf6 29. Bg2 Be6 30. Qe5 a6 31. Bxh6 Qd8 32. Bg5 Bg4 33. f3 Be6 34.
h4 Qd5 35. Bxf6 1-0

[Event "2. Open Patrimonio de la Humanidad"]
[Site "Alcalá de Henares ESP"]
[Date "2007.10.14"]
[Round "9.44"]
[White "Cuadros Fernandez, Jose Luis"]
[Black "Montero Garcia, Francisco Javier"]
[Result "0-1"]
[WhiteElo "1894"]
[BlackElo "1935"]
[PlyCount "104"]
[EventDate "2007.10.07"]
[EventType "swiss"]
[EventRounds "9"]
[EventCountry "ESP"]
[Source "lmi"]
[SourceDate "2007.10.07"]

1. d4 Nf6 2. c4 c5 3. d5 e6 4. e3 exd5 5. cxd5 d6 6. Nc3 g6 7. Nf3 a6 8. a4 Bg7
9. Bd3 O-O 10. O-O Bg4 11. h3 Bxf3 12. Qxf3 Nbd7 13. Qd1 b6 14. Qc2 Qc8 15. Qe2
Ne5 16. Bd2 Nxd3 17. Qxd3 c4 18. Qc2 Qb7 19. e4 b5 20. Na2 Rfe8 21. f3 Nd7 22.
a5 Nc5 23. Bc3 Qa7 24. Kh1 Bxc3 25. Qxc3 Nd3 26. Nb4 Nf2+ 27. Kh2 Qc5 28. Nc6
Nd3 29. Qf6 Qe3 30. Ne7+ Kf8 31. Nc6 Qf4+ 32. Qxf4 Nxf4 33. Kg3 Nd3 34. Rab1
Rac8 35. Rfd1 f5 36. exf5 gxf5 37. Rd2 Kf7 38. b3 f4+ 39. Kh2 Re3 40. bxc4 bxc4
41. Rb7+ Kf6 42. Rc2 Rg8 43. Nd4 Ne1 44. Re2 Rxe2 45. Nxe2 Rxg2+ 46. Kh1 Rxe2
47. Kg1 Nxf3+ 48. Kf1 Rd2 49. Rb6 Ke5 50. Rxa6 c3 51. Rc6 c2 52. a6 Rd1+ 0-1